header

Diffusion in silicon : (Record no. 131428)

MARC details
000 -LEADER
fixed length control field 01523nam a22003851i 4500
001 - CONTROL NUMBER
control field ebr10777887
003 - CONTROL NUMBER IDENTIFIER
control field CaPaEBR
006 - FIXED-LENGTH DATA ELEMENTS--ADDITIONAL MATERIAL CHARACTERISTICS--GENERAL INFORMATION
fixed length control field m o d
007 - PHYSICAL DESCRIPTION FIXED FIELD--GENERAL INFORMATION
fixed length control field cr cn|||||||||
008 - FIXED-LENGTH DATA ELEMENTS--GENERAL INFORMATION
fixed length control field 131101s2005 sz a oa 000 0 eng d
020 ## - INTERNATIONAL STANDARD BOOK NUMBER
Cancelled/invalid ISBN 9783908451112
Cancelled/invalid ISBN 3908451116
International Standard Book Number 9783038130314 (e-book)
040 ## - CATALOGING SOURCE
Original cataloging agency CaPaEBR
Language of cataloging eng
Description conventions rda
-- pn
Transcribing agency CaPaEBR
035 ## - SYSTEM CONTROL NUMBER
System control number (OCoLC)868961288
050 14 - LIBRARY OF CONGRESS CALL NUMBER
Classification number QD181.S6
Item number D54 2005eb
245 00 - TITLE STATEMENT
Title Diffusion in silicon :
Remainder of title a seven-year retrospective /
Statement of responsibility, etc editor: D. J. Fisher.
264 #1 - PRODUCTION, PUBLICATION, DISTRIBUTION, MANUFACTURE, AND COPYRIGHT NOTICE
Place of production, publication, distribution, manufacture Durnten-Zurich :
Name of producer, publisher, distributor, manufacturer Trans Tech Publications, Inc.,
Date of production, publication, distribution, manufacture, or copyright notice [2005]
Date of production, publication, distribution, manufacture, or copyright notice �2005
300 ## - PHYSICAL DESCRIPTION
Extent 1 online resource (199 pages) :
Other physical details illustrations.
336 ## - CONTENT TYPE
Content type term text
Source rdacontent
337 ## - MEDIA TYPE
Media type term computer
Source rdamedia
338 ## - CARRIER TYPE
Carrier type term online resource
Source rdacarrier
490 1# - SERIES STATEMENT
Series statement Defect and Diffusion Forum ;
Volume number/sequential designation Vol. 241
588 ## - SOURCE OF DESCRIPTION NOTE
Source of description note Description based on online resource; title from PDF title page (ebrary, viewed November 01, 2013).
590 ## - LOCAL NOTE (RLIN)
Local note Electronic reproduction. Palo Alto, Calif. : ebrary, 2013. Available via World Wide Web. Access may be limited to ebrary affiliated libraries.
650 #0 - SUBJECT ADDED ENTRY--TOPICAL TERM
Topical term or geographic name as entry element Silicon.
Topical term or geographic name as entry element Silicon
General subdivision Analysis.
Topical term or geographic name as entry element Diffusion.
655 #0 - INDEX TERM--GENRE/FORM
Genre/form data or focus term Electronic books.
700 1# - ADDED ENTRY--PERSONAL NAME
Personal name Fisher, D. J.
797 2# - LOCAL ADDED ENTRY--CORPORATE NAME (RLIN)
Corporate name or jurisdiction name as entry element ebrary.
830 #0 - SERIES ADDED ENTRY--UNIFORM TITLE
Uniform title Diffusion and defect data.
Number of part/section of a work Pt. A,
Name of part/section of a work Defect and diffusion forum ;
Volume number/sequential designation v. 241.
856 40 - ELECTRONIC LOCATION AND ACCESS
Uniform Resource Identifier <a href="http://site.ebrary.com/lib/rucke/Doc?id=10777887">http://site.ebrary.com/lib/rucke/Doc?id=10777887</a>
Public note An electronic book accessible through the World Wide Web; click to view

No items available.

© 2026 Rongo University
Contact us: librarian | system librarian | Rongo university